| 000 | 00640nam a2200205 a 4500 | ||
|---|---|---|---|
| 001 | BRCA_2918 | ||
| 005 | 20190320204029.0 | ||
| 008 | 121208s1935----mx-#---###---#000-0#spa-u | ||
| 050 | 4 |
_aF1233.5 _b.P75 1935 |
|
| 100 | 1 |
_aPrida Santacilia, Ramon _d1862-1937 _98123 |
|
| 245 | 1 | 0 |
_aConferencias de carácter histórico sustentadas por el licenciado Ramon Prida _cRamon Prida. |
| 260 |
_aMéxico _bSociedad Mexicana de Geografía y Estadística _c1935 |
||
| 300 |
_a103 p. _c23 cm. |
||
| 500 | _aB50 | ||
| 600 | 1 | 4 |
_aJuárez, Benito _d1806-1872 _94845 |
| 650 | 1 | 4 |
_aHistoria _98124 |
| 651 | 4 |
_aMéxico _98125 |
|
| 902 | _aGFM | ||
| 942 |
_2lcc _cB |
||
| 999 |
_c2657 _d2657 |
||